000 00427nam a2200121Ia 4500
008 220615s9999||||xx |||||||||||||| ||und||
245 0 _aComputer Architecture in Industrial, Biomechanical and Biomedical Engineering
546 _aEnglish[eng]
650 _aComputer-aided design (CAD)
700 _aWang, Lulu||Yu, Liandong
856 _uhttps://mts.intechopen.com/storage/books/8347/authors_book/authors_book.pdf
942 _cEB
999 _c10207
_d10207